Los alimentos y el hombre / (Record no. 1820)

MARC details
000 -CABECERA
campo de control de longitud fija 00527nam a2200193 a 4500
005 - FECHA Y HORA DE LA ÚLTIMA TRANSACCIÓN
campo de control 20240910064102.0
008 - ELEMENTOS DE LONGITUD FIJA--INFORMACIÓN GENERAL
campo de control de longitud fija 010313s19701985mx r 000 0 spa d
020 ## - NÚMERO INTERNACIONAL NORMALIZADO PARA LIBROS
Número Internacional Estándar del Libro 9681801687
035 ## - NÚMERO DE CONTROL DEL SISTEMA
Número de control de sistema UPN01000001820
049 ## - COLECCIÓN
Colección CG
050 #4 - SIGNATURA TOPOGRÁFICA DE LA BIBLIOTECA DEL CONGRESO
Número de clasificación RA784
Número de documento/Ítem A45
245 04 - MENCIÓN DE TÍTULO
Título Los alimentos y el hombre /
Mención de responsabilidad, etc. Miram E. Lowenberg ... [et al.].
260 ## - PUBLICACIÓN, DISTRIBUCIÓN, ETC.
Lugar de publicación, distribución, etc. México :
Nombre del editor, distribuidor, etc. Limusa,
Fecha de publicación, distribución, etc. 1970 (1985 impr.).
300 ## - DESCRIPCIÓN FÍSICA
Extensión 347 p.
650 #4 - ASIENTO SECUNDARIO DE MATERIA - TERMINO TEMATICO
Término de materia o nombre geográfico como elemento de entrada Nutrición
9 (RLIN) 2193
650 #4 - ASIENTO SECUNDARIO DE MATERIA - TERMINO TEMATICO
Término de materia o nombre geográfico como elemento de entrada Alimentos
9 (RLIN) 2191
700 1# - ASIENTO SECUNDARIO--NOMBRE DE PERSONAL
Nombre de persona Lowenberg, Miram E.,
Término indicativo de función/relación coaut.
905 ## - TIPO DE MATERIAL
Tipo de material Libro
Holdings
Estado de retiro Estado de pérdida Fuente del sistema de clasificación o colocación Estado dañado No para préstamo Código de colección Localización permanente Ubicación/localización actual Ubicación en estantería Total de préstamos Clasificación Código de barras Fecha visto por última vez Número de copia Tipo de ítem Koha
    Library of Congress Classification     Colección General Bib. Gregorio Torres Quintero Bib. Gregorio Torres Quintero Planta baja   RA784 A45 94807 31/12/2020 1 Libro
    Library of Congress Classification     Colección General Bib. Gregorio Torres Quintero Bib. Gregorio Torres Quintero Planta baja 16 RA784 A45 94808 31/12/2020 1 Libro
    Library of Congress Classification     Colección General Bib. Gregorio Torres Quintero Bib. Gregorio Torres Quintero Planta baja 17 RA784 A45 94806 31/12/2020 1 Libro